000 00218nam a2200109Ia 4500
999 _c7092
_d7092
020 _a9780750619097
100 _aPeter F. Drucker
245 0 _aManagement
260 _aUSA
_bDorling
_c1995
300 _a575
942 _cBK